| 000 | 01232cam a22002054a 4500 | ||
|---|---|---|---|
| 005 | 20250605164124.0 | ||
| 008 | 250528s ||||||||||||||||||||||||d | ||
| 035 | _a18376 | ||
| 040 |
_aGR-AtMCL _bgre _dGR-AtMCL _eAACR2 |
||
| 245 | 1 | _aSurrealism / 197 Plates, 8 in Colour | |
| 260 | _c1965 | ||
| 300 | _a128 | ||
| 505 | 0 | _aPreface by Patrick Waldberg, The Paths of Surrealism, La Revolution Surrealiste, First Surrealist Manifesto, Second Surrealist Manifesto, Surrealism and Painting, Food for Vision, Conquest of the Irrational, The Exquisite Corpse, Beyond Painting, Text References, Bigraphical Notes, Chronology, Selected Bibliography, List of Illustrations, Photograph Acknowledgements, Index. | |
| 520 | _aPreface by Patrick Waldberg, The Paths of Surrealism, La Revolution Surrealiste, First Surrealist Manifesto, Second Surrealist Manifesto, Surrealism and Painting, Food for Vision, Conquest of the Irrational, The Exquisite Corpse, Beyond Painting, Text References, Bigraphical Notes, Chronology, Selected Bibliography, List of Illustrations, Photograph Acknowledgements, Index. | ||
| 700 | 1 |
_aThames And Hudson _92417 |
|
| 700 | 1 |
_aWaldberg Patrick _94648 |
|
| 942 | _cBK | ||
| 999 |
_c3738 _d3738 |
||